Drawing & Design: Databook for Mechanical Engineering (Record no. 2785)

MARC details
005 - DATE AND TIME OF LATEST TRANSACTION
control field 20250623132255.0
082 ## - DEWEY DECIMAL CLASSIFICATION NUMBER
Classification number LM 604.2 BHA
100 ## - MAIN ENTRY--PERSONAL NAME
Author name BHANDARI, V. K. et...al
245 ## - TITLE STATEMENT
Title Drawing & Design: Databook for Mechanical Engineering
260 ## - PUBLICATION, DISTRIBUTION, ETC.
Place of publication, distribution, etc. Dar es Salaam
Name of publisher, distributor, etc. Faculty of Engineering
Date of publication, distribution, etc. 1983
300 ## - PHYSICAL DESCRIPTION
Extent xi, 324p.: Ill.; table.
Other physical details Index
Dimensions 21cm.
942 ## - ADDED ENTRY ELEMENTS (KOHA)
Source of classification or shelving scheme Dewey Decimal Classification
Koha item type Books
Holdings
Date last seen Total checkouts Full call number Barcode Cost, replacement price Price effective from Koha item type Lost status Source of classification or shelving scheme Damaged status Not for loan Withdrawn status Home library Current library Shelving location Date acquired Cost, normal purchase price
05/28/2025   LM 604.2 BHA 0000008218 30000.00 05/28/2025 Books   Dewey Decimal Classification       College of Business Education Main Library College of Business Education Main Library General Collection 08/16/2000 10000.00